| 000 | 00738cab a2200253 4500 | ||
|---|---|---|---|
| 001 | WB3240-17 | ||
| 008 | 090401t1996 xxu||||| |||| 00| 0 eng d | ||
| 035 | _a(Sirsi) u33881 | ||
| 041 | _aeng | ||
| 245 | _aPlans to turf Park Lane | ||
| 260 | _c1996 | ||
| 350 | _a0 | ||
| 490 |
_aObserver _v20 October 1996, 26(2) |
||
| 520 | _aPlans to extend Hyde Park over Park Lane, creating a piazza around Marble Arch, have gained support from the Duke of Westminster and Prince Edward. Map. | ||
| 650 | _aDUKE OF WESTMINSTER | ||
| 650 | _aHYDE PARK | ||
| 650 | _aLONDON | ||
| 650 | _aMARBLE ARCH | ||
| 650 | _aPARK LANE | ||
| 650 | _aPRINCE EDWARD | ||
| 690 | _aPROPERTY-PROPERTY DEVELOPMENT | ||
| 942 | _n0 | ||
| 948 | _c04/03/1997 | ||
| 999 |
_c22533 _d22533 |
||